| 000 | 00790nam0a22002411 4500 | ||
|---|---|---|---|
| 001 | v19\rc\1206367 | ||
| 005 | 20260407100431.0 | ||
| 035 | _a(NLR Aleph) 004370792 | ||
| 090 |
_a3496406 _c3496406 |
||
| 100 | _a20060306d1901 |||y0rusy50 ca | ||
| 101 | 0 | _arus | |
| 102 | _aRU | ||
| 105 | _ay b ||||| | ||
| 200 | 1 | _aКаталог книгам издания св. Афонской горы русского Пантелеймонова монастыря | |
| 205 | _a10-е изд. | ||
| 210 |
_aМосква _d1901 |
||
| 215 | _a48 с. | ||
| 710 | 0 | 2 |
_aАфонский русский Пантелеимонов монастырь _3RU\NLR\AUTH\889926851 _9349403 |
| 801 | 0 |
_aRU _bNLR _gpsbo |
|
| 801 | 1 |
_aRU _bProSoft-M _2rusmarc |
|
| 852 |
_aNLR _j18.334.2.266 |
||
| 942 | _cBOOK | ||
| 980 | _aNB | ||